00685nam a2200157Ia 4500008004100000100002000041245014500061245009400206260005300300260000900353300001100362650001500373856004700388999001900435952007300454170221s9999 xx 000 0 und d aAbdo Ali Hoamid 4aThe Role of Customer-Focused Strategies to Improve Islamic Microfinance Institutions Performance: Empirical Evidence and Lessons from Yemen  cAbdo Ali Hoamid, Ali Yusob Md Zain, Yahya Ali Al-Matari, Mohd Sobri Minai, Fais Bin Ahmad bInternational Review of Management and Marketing c2016 a15 : 9 xMarketing. uhttp://www.econjournals.com/index.php/irmm c311861d311861 001040aCLbCLd2017-02-21l0r2017-02-21 00:00:00w2017-02-21yFOJ